000 00619nam a2200169 a 4500
001 000015977
005 20250116163337.0
008 100222s2000 dr a r 000 0 spa d
040 _aDO-SdBNP
_bspa
_cBNPHU
082 _axxxx
_bR426m
110 1 _aRepública Dominicana.
_bSecretaría de Estado de Educación y Cultura
_918697
245 1 0 _aMonitoreo al desarrollo curricular, seguimiento al desarrollo en el aula.
260 _aSanto Domingo :
_bSecretaría de Estado de Educación y Cultura,
_c2000.
300 _a147 p. :
_bil. ;
_c29 cm.
490 1 _aGestión Educativa
_v21
830 0 _aGestión Educativa
_n21
_935895
999 _c15519
_d15519